| Tag |
First Indicator |
Second Indicator |
Subfields |
| LEADER |
00000cam a2200000 4500 |
| 001 |
in00000074691 |
| 005 |
20151008053624.0 |
| 008 |
791219s1942 mau 001 0 lat c |
| 010 |
|
|
|a a 42004498
|
| 019 |
|
|
|a 00704416
|a 01546163
|a 26697308
|
| 020 |
|
|
|a 0674993829
|
| 035 |
|
|
|a (OCoLC)05811494
|
| 035 |
|
|
|9 AAH8055AM
|
| 040 |
|
|
|a Harvard Univ. Library
|c BCT
|d SER
|d OCL
|d WSU
|d OCL
|d TXA
|d UtOrBLW
|
| 041 |
0 |
|
|a lat
|a eng
|h lat
|
| 049 |
|
|
|a TXAM
|
| 050 |
0 |
0 |
|a PA6156.C6
|b D6
|
| 082 |
0 |
0 |
|a 875.3
|
| 090 |
|
|
|a PA6156.C6
|b D6 1942
|
| 100 |
1 |
|
|a Cicero, Marcus Tullius.
|
| 245 |
1 |
0 |
|a Cicero. :
|b De oratore ...
|
| 264 |
|
1 |
|a Cambridge, Mass. :
|b Harvard University Press;
|a London :
|b W. Heinemann ltd,
|c 1942.
|
| 300 |
|
|
|a 2 volumes ;
|c 17 cm.
|
| 336 |
|
|
|a text
|b txt
|2 rdacontent
|
| 337 |
|
|
|a unmediated
|b n
|2 rdamedia
|
| 338 |
|
|
|a volume
|b nc
|2 rdacarrier
|
| 490 |
1 |
|
|a The Loeb classical library. [Latin authors]
|
| 500 |
|
|
|a Latin and English on opposite pages.
|
| 500 |
|
|
|a Printed in Great Britain.
|
| 505 |
0 |
|
|a I. Books 1, 2, with an English translation by E.W. Sutton, completed, with an introduction, by H. Rackham.--II. Book 3, together with De fato, Paradoxa stoicorum, De partitione oratoria, with an English translation by H. Rackham.
|
| 500 |
|
|
|a Includes indexes.
|
| 500 |
|
|
|a At head of title in volume 2: Cicero in twenty-eight volumes, IV.
|
| 650 |
|
0 |
|a Oratory.
|
| 650 |
|
0 |
|a Rhetoric, Ancient.
|
| 650 |
|
0 |
|a Fate and fatalism.
|
| 650 |
|
0 |
|a Stoics.
|
| 700 |
1 |
2 |
|a Cicero, Marcus Tullius.
|t Works.
|k Selections.
|l English.
|f 1942.
|
| 700 |
1 |
2 |
|a Cicero, Marcus Tullius.
|t Works.
|k Selections.
|l Latin.
|f 1942.
|
| 700 |
1 |
|
|a Sutton, E. W.
|q (Edward William),
|d 1871-
|e editor,
|e translator.
|
| 700 |
1 |
|
|a Rackham, H.
|q (Harris),
|d 1868-1944.
|
| 700 |
1 |
|
|a Cicero, Marcus Tullius.
|t De oratore.
|
| 830 |
|
0 |
|a Loeb classical library.
|
| 999 |
|
|
|a MARS
|
| 999 |
f |
f |
|s 75fd3418-9ad5-3b8f-be64-4348d51dcffb
|i 050731bd-385c-3dfc-8b48-fe2a7c0ec870
|t 0
|
| 952 |
f |
f |
|p normal
|a Texas A&M University
|b College Station
|c Sterling C. Evans Library
|d Evans: Library Stacks
|t 0
|e PA6156.C6 D6 1942
|h Library of Congress classification
|i unmediated -- volume
|k v.2:bk.3
|m A14803553300
|
| 952 |
f |
f |
|p ric
|a Texas A&M University
|b Rellis Campus
|c Joint Library Facility
|d Remote Storage
|t 0
|e PA6156.C6 D6 1942
|h Library of Congress classification
|i unmediated -- volume
|k v.1
|m A14806173696
|
| 952 |
f |
f |
|p normal
|a Texas A&M University
|b College Station
|c Sterling C. Evans Library
|d Evans: Library Stacks
|t 0
|e PA6156.C6 D6 1942
|h Library of Congress classification
|i unmediated -- volume
|k v.2:bk.3
|m A14806173701
|
| 952 |
f |
f |
|p normal
|a Texas A&M University
|b College Station
|c Sterling C. Evans Library
|d Evans: Library Stacks
|t 0
|e PA6156.C6 D6 1942
|h Library of Congress classification
|i unmediated -- volume
|k v.2:bk.3
|m A14820170068
|
| 952 |
f |
f |
|p normal
|a Texas A&M University
|b College Station
|c Sterling C. Evans Library
|d Evans: Library Stacks
|t 0
|e PA6156.C6 D6 1942
|h Library of Congress classification
|i unmediated -- volume
|k v.1:bk.1-2
|m A14806173719
|
| 998 |
f |
f |
|a PA6156.C6 D6 1942
|s v.1-v.2
|t 0
|l Evans: Library Stacks
|
| 998 |
f |
f |
|a PA6156.C6 D6 1942
|s v.2:bk.3
|t 0
|l Evans: Library Stacks
|
| 998 |
f |
f |
|a PA6156.C6 D6 1942
|s v.1-v.2
|t 0
|l Remote Storage
|
| 998 |
f |
f |
|a PA6156.C6 D6 1942
|s v.2:bk.3
|t 0
|l Evans: Library Stacks
|